000 00328nam a22001457a 4500
008 230206b ||||| |||| 00| 0 eng d
020 _a9780321878052
041 _aeng
080 _2ELEVENTH EDITION
_a51
082 _a51GOL
100 _a20
101 _aMATEM
245 _aFINITE MATHEMATICS
_cGOLDSTEIN
942 _2udc
_cBK
999 _c59315
_d59315